[Event "Tch-FIN 2004-5"]
[Site "Finland FIN"]
[Date "2004.11.13"]
[Round "4"]
[White "Franssila,T"]
[Black "Salo,H"]
[Result "0-1"]
[WhiteElo "2279"]
[BlackElo "2263"]

1.d4 Nf6 2.Bg5 e6 3.e4 h6 4.Bxf6 Qxf6 5.c3 d6 6.Bd3 Qg5 7.Nf3 Qxg2 8.Rg1 Qh3
9.Nbd2 Nc6 10.Rg3 Qh5 11.Be2 Bd7 12.Ng5 Qxh2 13.Ndf3 Qh5 14.Ng1 Qh4 15.Rg4 Qh1
16.Bf3 Qh2 17.N5h3 d5 18.e5 Nxe5 19.dxe5 Qxe5+ 20.Be2 O-O-O 21.Rg3 g5 22.Nf3 Qe4
23.Kf1 Bd6 24.Bd3 Qa4 25.b3 Qc6 26.Rg2 e5 27.Nhg1 e4 28.Nd4 Qxc3 29.Bb5 c6
30.Rc1 Qa5 31.a4 Bf4 32.Rc2 Kb8 33.Be2 Qb6 34.Ra2 Be5 35.Rd2 f5 36.f3 Bf4
37.Ra2 Be5 38.Nc2 d4 39.Bc4 d3 40.Ne1 Qe3 41.Rgd2 Bd4 42.Rg2 g4 43.Rad2 Qf4
44.Nxd3 exd3 45.Rxd3 c5 46.Ne2 Qg5 47.Nxd4 cxd4 48.Rxd4 Bc6 49.Bd5 Bxd5 50.Rxd5 Rxd5
51.Qxd5 Rd8 52.Qe5+ Ka8 53.Rc2 g3 54.f4 Qh4 55.Qe6 Qh1+ 56.Ke2 Qd1+  0-1

[Event "Acropolis IM Open"]
[Site "Athens GRE"]
[Date "2004.11.21"]
[Round "6"]
[White "Georgiev,Vl"]
[Black "Simeonidis,I"]
[Result "0-1"]
[WhiteElo "2512"]
[BlackElo "2281"]

1.d4 Nf6 2.Bg5 e6 3.Nd2 h6 4.Bh4 c5 5.e3 cxd4 6.exd4 Be7 7.Ngf3 O-O 8.Bxf6 Bxf6
9.Bd3 Nc6 10.c3 d5 11.O-O e5 12.dxe5 Nxe5 13.Nxe5 Bxe5 14.h3 Bc7 15.Nf3 Qd6
16.Bc2 Re8 17.Qd3 g6 18.Qd2 Kh7 19.Rad1 Be6 20.Rfe1 Rad8 21.a3 a6 22.Qc1 Bd7
23.Rxe8 Bxe8 24.Rd4 Qf6 25.Rh4 Qg7 26.Qe3 Bc6 27.Qe7 Rd7 28.Qe3 Bd8 29.Rf4 Bc7
30.Rg4 Rd8 31.Qe7 Rd7 32.Qc5 Bd6 33.Qd4 Re7 34.Qd2 Kg8 35.Nd4 Qe5 36.f4 Qe1+
37.Qxe1 Rxe1+ 38.Kf2 Rc1 39.Bxg6 Kf8 40.Bd3 Ra1 41.Kg3 Ra2 42.Nf5 Bc5 43.Nxh6 Rxb2
44.Rg8+ Ke7 45.Rg7 d4 46.Nf5+ Kf6 47.cxd4 Rxg2+ 48.Kh4 Rxg7 49.Nxg7 Bxd4
50.Nh5+ Ke7 51.Ng3 Bb2 52.Nf5+ Kf6 53.Kg3 Bxa3 54.h4 Bb2 55.h5 a5 56.h6 b5
57.Nd6 a4 58.h7 Kg7 59.Nxb5 a3 60.Nxa3 Bxa3 61.Kg4 Bd7+ 62.Kh5 Bc1 63.f5 Bb2
64.Bc4 Be8 65.Bd3 Bf6 66.Be4 Kxh7 67.Kg4 Kg7 68.Bc2 Bb2 69.Kg5 Bc1+ 70.Kg4 Kf6
71.Bb3 Bd7 72.Bc2 Ke5 73.Bd3 f6 74.Bc2 Bc6 75.Bb3 Bd7 76.Bc2 Bg5 77.Bd3 Ba4
78.Kh5 Bc6  0-1

[Event "XXI WJun Women"]
[Site "Kochin IND"]
[Date "2004.11.22"]
[Round "6"]
[White "Brekke,J"]
[Black "Ellappen,J"]
[Result "1/2-1/2"]
[WhiteElo "1988"]
[BlackElo "2031"]

1.d4 Nf6 2.Bg5 e6 3.Nf3 b6 4.e3 Bb7 5.Be2 Be7 6.O-O O-O 7.c4 d5 8.Nc3 Nbd7
9.cxd5 exd5 10.Qb3 c5  1/2-1/2

[Event "XXI WJun Women"]
[Site "Kochin IND"]
[Date "2004.11.29"]
[Round "12"]
[White "Brekke,J"]
[Black "Meenu,R"]
[Result "0-1"]
[WhiteElo "1988"]
[BlackElo "1979"]

1.d4 Nf6 2.Bg5 e6 3.Nf3 d5 4.e3 Be7 5.Bd3 h6 6.Bh4 O-O 7.O-O c5 8.c4 Nbd7
9.Nc3 b6 10.cxd5 Nxd5 11.Bxe7 Qxe7 12.Nxd5 exd5 13.dxc5 bxc5 14.Rc1 Bb7 15.Qe2 Qd6
16.Rfd1 Qb6 17.Bb1 Nf6 18.Rc3 Rfd8 19.Rb3 Qc6 20.Qb5 Rab8 21.Qxc6 Bxc6 22.Rxb8 Rxb8
23.Ne5 Be8 24.Rd2 a5 25.Nd3 c4 26.Nf4 c3 27.Re2 g5 28.Nd3 Ne4 29.b3 Nd2 30.Re1 Nxb1
31.Rxb1 a4 32.b4 Bb5 33.Nc5 Bc4 34.Nxa4 c2 35.Rc1 Rxb4 36.Nc3 Rb2 37.g3 Bxa2
38.Nxa2 Rxa2 39.Kg2 Kf8 40.Kf3 Ke7 41.Ke2 Ke6 42.Kd3 Ke5 43.f4+ gxf4 44.gxf4+ Kf5
45.Kd4 Kg4 46.e4 dxe4 47.Kxe4 Kh3 48.f5 Kxh2 49.Kf3 h5 50.Kf2 Ra5 51.Rxc2 Rxf5+
52.Ke3+ Kg3 53.Rc8 h4 54.Rg8+ Kh2 55.Rh8 h3 56.Ke2 f6 57.Rh4 Kg3 58.Rh8 h2
59.Rg8+ Rg5  0-1

[Event "TCh-BEL 2004-5"]
[Site "Belgium BEL"]
[Date "2004.12.05"]
[Round "5"]
[White "Groffen,H"]
[Black "Lamby,P"]
[Result "1/2-1/2"]
[WhiteElo "2244"]
[BlackElo "2220"]

1.d4 Nf6 2.Bg5 e6 3.e4 h6 4.Bxf6 Qxf6 5.Nc3 Bb4 6.Ne2 c5 7.a3 Bxc3+ 8.Nxc3 cxd4
9.Nb5 Na6 10.Qxd4 Qxd4 11.Nxd4 d6 12.Nb5 Ke7 13.O-O-O Rd8 14.b4 b6 15.Nd4 Nb8
16.Bb5 Bb7 17.Rhe1 a6 18.Ba4 b5 19.Bb3 Nc6 20.Nxc6+ Bxc6 21.g3 f6 22.f4 Ra7
23.Kb2 g6 24.Rd3 Rad7 25.Rc3 Bb7 26.a4 Rc8 27.Rxc8 Bxc8 28.c4 bxa4 29.Bxa4 Rc7
30.Bb3 e5 31.Kc3 Bb7 32.Kd3 Kd8 33.Ke3 exf4+ 34.gxf4 Bxe4 35.Rd1 Re7 36.Rxd6+ Kc7
37.Rxf6 Bc2+ 38.Kd4 Bxb3 39.Rxg6 Rf7 40.Kc3 Bd1 41.Rxa6 Rxf4 42.Rxh6 Be2
43.c5 Bc4 44.Rd6 Bb5 45.Rd4 Rf3+ 46.Kc2 Ba4+ 47.Kb2 Rh3 48.Rg4 Kc6 49.Rg3 Rxh2+
50.Ka3 Bd1 51.Rc3 Bh5 52.Rd3 Bf7 53.Rd6+ Kb5 54.Rb6+ Kc4 55.Rf6 Bd5 56.Rg6 Rd2
57.Rh6 Rg2 58.Rd6 Be4 59.Rh6 Bb1 60.Rh4+ Kc3 61.Ka4 Ra2+ 62.Kb5 Bd3+ 63.Kb6 Ra6+
64.Kb7 Bb5 65.Rg4 Rh6 66.Rf4 Kb3 67.Rd4 Ka4 68.Rd6 Rh7+ 69.Kb6 Kxb4 70.c6 Bf1
71.c7 Bh3  1/2-1/2

[Event "TCh-SLO"]
[Site "Celje SLO"]
[Date "2004.12.05"]
[Round "9"]
[White "Brumen,D"]
[Black "Krumpacnik,D"]
[Result "1/2-1/2"]
[WhiteElo "2380"]
[BlackElo "2344"]

1.d4 Nf6 2.Bg5 e6 3.e4 h6 4.Bxf6 Qxf6 5.Nc3 Bb4 6.Qd2 d6 7.Nf3 e5 8.a3 exd4
9.axb4 dxc3 10.bxc3 Nc6 11.Bb5 O-O 12.Bxc6 bxc6 13.O-O Re8 14.Rfe1 Bb7 15.Qd3 c5
16.Ra5 Qg6 17.e5 Qxd3 18.cxd3 cxb4 19.cxb4 Bxf3 20.gxf3 Rab8 21.Rxa7 Rxb4
22.Rxc7 Rd4 23.Re4 Rxd3 24.exd6 Rd8 25.d7 R8xd7 26.Rxd7 Rxd7 27.Kg2 Rd5 28.f4 Kh7
29.Kg3 Kg6 30.Ra4 Rd3+ 31.f3 Rb3 32.Ra6+ f6 33.Ra7 f5 34.Rc7 Rb1 35.Ra7 Kh5
36.Rxg7 Rg1+ 37.Kh3 Rg3+  1/2-1/2

[Event "FSGM December"]
[Site "Budapest HUN"]
[Date "2004.12.07"]
[Round "4"]
[White "Nguyen Ngoc Truongson"]
[Black "Fogarasi,T"]
[Result "1/2-1/2"]
[WhiteElo "2527"]
[BlackElo "2425"]

1.d4 Nf6 2.Bg5 e6 3.e4 h6 4.Bxf6 Qxf6 5.Nc3 Bb4 6.e5 Qe7 7.Qd3 d6 8.a3 Bxc3+
9.Qxc3 O-O 10.Qg3 b6 11.Bd3 Ba6 12.Bxa6 Nxa6 13.Qd3 Nb8 14.f4 c5 15.c3 cxd4
16.cxd4 dxe5 17.fxe5 Nc6 18.Qe4 Rac8 19.Ne2 Rfd8 20.O-O Rd5 21.Rf4 Rcd8 22.Raf1 Nxd4
23.Nc3 R5d7 24.Rxf7 Qxf7 25.Rxf7 Rxf7 26.h3 Rf5 27.a4 Rd7 28.b4 Rd8 29.Kh2 Rd7
30.Kg1  1/2-1/2

[Event "ch-IND"]
[Site "Visakhapatnam IND"]
[Date "2004.12.12"]
[Round "11"]
[White "Gupta,Ab"]
[Black "Neelotpal,D"]
[Result "0-1"]
[WhiteElo "2412"]
[BlackElo "2458"]

1.d4 Nf6 2.Bg5 e6 3.e4 h6 4.Bxf6 Qxf6 5.Nc3 Bb4 6.Qd2 d5 7.Nge2 O-O 8.a3 Ba5
9.e5 Qe7 10.f4 Rd8 11.O-O-O b5 12.g4 b4 13.axb4 Bxb4 14.g5 hxg5 15.Rg1 Nd7
16.Rxg5 Rb8 17.Qe3 Nf8 18.Ng3 g6 19.h4 c5 20.Nce2 Qc7 21.c3 cxd4 22.Nxd4 Be7
23.Rd2 Bd7 24.Bd3 Rdc8 25.Bb1 Qa5 26.Nge2 Qa1 27.Qd3 Ba4 28.Rg2 Ba3 29.Ng3 Rxb2
30.Rxb2 Rb8 31.Qd2 Bb3 32.Nxb3 Rxb3 33.Nh5 Rxb2 34.Nf6+ Kg7 35.Qxb2 Bxb2+
36.Rxb2 Qa3 37.Ne8+ Kh6 38.Bc2 Qxc3 39.Kb1 Qe1+ 40.Ka2 Nd7 41.Nd6 Qa5+ 42.Kb1 Qe1+
43.Ka2 f6 44.Rb7 Nc5 45.Rxa7 Qf2 46.Kb1 Nd3 47.Rb7 Qe1+ 48.Ka2 Qa5+ 49.Kb1 Qe1+
50.Ka2 Qd2  0-1

[Event "It Chiburdanidze"]
[Site "Tblisi GEO"]
[Date "2004.12.13"]
[Round "11"]
[White "Khotenashvili,B"]
[Black "Javakhishvili,L"]
[Result "1/2-1/2"]
[WhiteElo "2248"]
[BlackElo "2423"]

1.d4 Nf6 2.Bg5 e6 3.Nf3 c5 4.e3 Nc6 5.c3 d5 6.Nbd2 Bd6 7.Bd3 h6 8.Bh4 O-O
9.dxc5 Bxc5 10.e4 dxe4 11.Nxe4 Be7 12.Bxf6 Bxf6 13.Qe2 Be7 14.Rd1 Qc7 15.Ng3 e5
16.O-O f5 17.Bb5 Bf6 18.Nh5 e4 19.Qc4+ Kh8 20.Nxf6 Rxf6 21.Nd4 Bd7 22.Bxc6 Bxc6
23.Nxc6 Rxc6 24.Qd5 Rf8 25.Rfe1 Qb6 26.Rd2 Re6 27.Qd4 Rc8 28.h4 Kh7 29.h5 Rc7
30.Re3 Qxd4 31.Rxd4 g6 32.hxg6+ Kxg6 33.Kf1 Ra6 34.a4 Rb6 35.Re2 Kf6 36.Red2 h5
37.g3 Kg5 38.Rd5 Ra6 39.R2d4 Rb6 40.Rxe4 Rxb2 41.Rf4 Rf7 42.Rd8 Rc2 43.Rg8+ Kf6
44.Rc8 Kg6 45.Kg2 b6 46.Rc6+ Rf6 47.Rc7 Re6 48.Rc8 Re5 49.Rc6+ Kg5 50.Rc7  1/2-1/2

[Event "FSGM December"]
[Site "Budapest HUN"]
[Date "2004.12.14"]
[Round "11"]
[White "Nguyen Ngoc Truongson"]
[Black "Boros,De"]
[Result "1/2-1/2"]
[WhiteElo "2527"]
[BlackElo "2414"]

1.d4 Nf6 2.Bg5 e6 3.e4 c5 4.e5 h6 5.Bc1 Nd5 6.c4 Nb4 7.dxc5 Bxc5 8.Nc3 N4c6
9.Nf3 d6 10.exd6 Qxd6 11.Qxd6 Bxd6 12.a3 Nd7 13.Be3 b6 14.Rd1 Ke7 15.Nb5 Bb8
16.g3 Bb7 17.Bg2 Na5 18.O-O Ne5 19.Nxe5 Bxe5 20.Bxb7 Nxb7 21.f4 Bxb2 22.Rf2 Bf6
23.Rfd2 Rhd8 24.Rxd8 Rxd8 25.Rxd8 Kxd8 26.Nxa7 Kc7 27.Nb5+ Kc6 28.Na7+ Kc7
29.Nb5+ Kc6 30.Na7+  1/2-1/2

[Event "XVII Torre Mem"]
[Site "Yucatan MEX"]
[Date "2004.12.14"]
[Round "3"]
[White "Martin del Campo,J"]
[Black "Garcia Martinez,S"]
[Result "1/2-1/2"]
[WhiteElo "2310"]
[BlackElo "2374"]

1.d4 Nf6 2.Bg5 e6 3.e4 h6 4.Bxf6 Qxf6 5.Nf3 d5 6.e5 Qd8 7.Nbd2 c5 8.dxc5 Bxc5
9.Nb3 Bb6 10.Bd3 Nc6 11.O-O O-O 12.c3 f6 13.Qe2 Bc7 14.exf6 Qxf6 15.c4 a5
16.Rad1 a4 17.Nbd4 Bd7 18.Nb5 Bb6 19.Nc3 d4  1/2-1/2

[Event "21st Open"]
[Site "Boeblinger GER"]
[Date "2004.12.27"]
[Round "3"]
[White "Nuesken,N"]
[Black "Naumann,A"]
[Result "0-1"]
[WhiteElo "2231"]
[BlackElo "2538"]

1.d4 Nf6 2.Bg5 e6 3.e4 h6 4.Bxf6 Qxf6 5.Nc3 d6 6.Qd2 g5 7.h4 Bg7 8.hxg5 hxg5
9.Rxh8+ Bxh8 10.Nf3 g4 11.e5 Qe7 12.Qh6 Qf8 13.Qxf8+ Kxf8 14.Nh2 dxe5 15.dxe5 Nc6
16.Nxg4 Nxe5 17.Nxe5 Bxe5 18.g3 Bd7 19.Bg2 Rb8 20.O-O-O Ke7 21.Re1 Bd4 22.Nd5+ Kf8
23.Ne3 Bc5 24.Re2 Bb5 25.c4 Ba6 26.b3 Rd8 27.Rd2 Rd6 28.Kc2 b6 29.Ng4 f5
30.Ne3 Bc8 31.Re2 Bd7 32.a4 a5 33.Nd1 Be8 34.Bf3 Bg6 35.Nb2 e5 36.Bg2 e4
37.Bh3 e3 38.fxe3 f4+ 39.e4 f3 40.Re1 Bf2 41.Rd1 Bxe4+ 42.Kc3 Rh6 43.Nd3 Bxd3
44.Rxd3 Be1+  0-1

[Event "Open A"]
[Site "Krakow POL"]
[Date "2004.12.27"]
[Round "1"]
[White "Stryjecki,M"]
[Black "Kosturkiewicz,J"]
[Result "1-0"]
[WhiteElo "2415"]
[BlackElo "2163"]

1.d4 Nf6 2.Bg5 e6 3.Nf3 Be7 4.c4 b6 5.Nc3 Bb7 6.e3 Ne4 7.Bxe7 Qxe7 8.Qc2 Nxc3
9.Qxc3 O-O 10.Be2 d6 11.O-O Nd7 12.Rfd1 f5 13.b4 a5 14.a3 axb4 15.axb4 Rxa1
16.Rxa1 Ra8 17.Rxa8+ Bxa8 18.Qa3 Bxf3 19.Bxf3 Nf6 20.Qa8+ Kf7 21.g3 Kg6 22.Kg2 h6
23.Qc6 Kf7 24.h3 e5 25.Qb7 Kg6 26.Bc6 exd4 27.exd4 Qe2 28.Qxc7 Ne4 29.Bxe4 Qxe4+
30.Kg1 Qe1+ 31.Kg2 Qe4+ 32.Kh2 Qxd4 33.Kg1 Kh7 34.Qc6 Qd1+ 35.Kg2 Qd4 36.h4 h5
37.Qb7 Qxc4 38.Qxb6 Qe4+ 39.Kf1 Qd3+ 40.Ke1 Qc3+ 41.Ke2 Qc2+ 42.Ke3 Qc3+
43.Ke2 Qc2+ 44.Kf1 Qd1+ 45.Kg2 f4 46.Qb7 fxg3 47.Qe4+ g6 48.Kxg3 Qb3+ 49.Kf4 Qf7+
50.Kg3 Qb3+ 51.f3 d5 52.Qe7+ Kg8 53.Qe8+ Kh7 54.Qf7+ Kh6 55.Qf8+ Kh7 56.Qe7+ Kg8
57.Qc5 Qc4 58.Qd6 Kf7 59.Qd7+ Kf6 60.b5 Qc5 61.Qd8+ Kf7 62.Qd7+ Kf6 63.Kh3 d4
64.Qd8+ Kf7 65.b6 Qf5+ 66.Kg2 Qc2+ 67.Kg3 Qd2 68.Qd7+ Kf6  1-0

[Event "21st Open"]
[Site "Boeblinger GER"]
[Date "2004.12.30"]
[Round "9"]
[White "Nuesken,N"]
[Black "Schoenberger,P"]
[Result "0-1"]
[WhiteElo "2231"]
[BlackElo "2173"]

1.d4 Nf6 2.Bg5 e6 3.e4 h6 4.Bxf6 Qxf6 5.Nc3 g6 6.Qd2 Bg7 7.O-O-O Qg5 8.f4 Qa5
9.Nf3 a6 10.f5 gxf5 11.exf5 b5 12.Qf4 b4 13.f6 Bf8 14.Nb1 Bb7 15.Be2 h5 16.Ng5 h4
17.d5 Bh6 18.Qxh4 Bxd5 19.Qg4 Bxg2 20.Qxg2 Qxg5+ 21.Qxg5 Bxg5+ 22.Nd2 Bxf6
23.Ne4 Bh4 24.Bf3 d5 25.Nc5 Nd7 26.Nxd7 Kxd7 27.c4 bxc3 28.bxc3 Rab8 29.Kc2 Rb6
30.Bg4 f5 31.Bf3 Rhb8  0-1

[Event "XXX Open"]
[Site "Seville ESP"]
[Date "2005.01.13"]
[Round "7"]
[White "Bellon Lopez,JuM"]
[Black "Rico Galiano,A"]
[Result "1/2-1/2"]
[WhiteElo "2425"]
[BlackElo "2266"]

1.d4 Nf6 2.Bg5 e6 3.e4 h6 4.Bxf6 Qxf6 5.Nf3 d5 6.Nbd2 c5 7.Bb5+ Bd7 8.Bxd7+ Nxd7
9.exd5 exd5 10.O-O Be7 11.dxc5 Nxc5 12.Nb3 Rd8 13.Nxc5 Bxc5 14.Re1+ Kf8 15.c3 g6
16.Re5 Kg7 17.Rxd5 Qb6 18.b4 Bxf2+ 19.Kh1 Rxd5 20.Qxd5 Rd8 21.Qe4 Qe3 22.Qxe3 Bxe3
23.Re1 Bb6 24.c4 Rd7 25.c5 Bc7 26.Kg1 Bd8 27.Re8 Bf6 28.Kf2 a6 29.Ke3 Bc3
30.Re4 Rd1 31.Rc4 Bf6 32.a4 Kf8 33.Nd4 Ke7 34.Nb3 Kd7 35.Ke2 Rb1 36.Na5 Kc8
37.Rf4 Be5 38.Rxf7 Rxb4 39.Kd3 Rd4+ 40.Ke3 Rxa4 41.Nxb7 Bxh2 42.Rg7 Rc4 43.Kd3 Rc1
44.Ke4 Bc7 45.Nd6+ Bxd6 46.cxd6 g5 47.Rh7 Rg1 48.Rxh6 Rxg2 49.d7+ Kxd7  1/2-1/2

[Event "Corus C"]
[Site "Wijk aan Zee NED"]
[Date "2005.01.18"]
[Round "4"]
[White "Bosboom,M"]
[Black "L'Ami,E"]
[Result "1/2-1/2"]
[WhiteElo "2426"]
[BlackElo "2531"]

1.d4 Nf6 2.Bg5 e6 3.e4 h6 4.Bxf6 Qxf6 5.Nc3 Bb4 6.Ne2 c5 7.a3 Bxc3+ 8.Nxc3 cxd4
9.Nb5 Qe5 10.Qxd4 Qxd4 11.Nxd4 Ke7 12.O-O-O a6 13.h4 b6 14.Rh3 Bb7 15.Rb3 b5
16.Re3 d6 17.b4 Nd7 18.Nb3 Nb6 19.Na5 Rab8 20.Rc3 Bxe4 21.Rc7+ Nd7 22.f3 Ba8
23.Ra7 d5 24.c4 bxc4 25.Bxc4 Rhd8 26.Bxa6 Kf6 27.Rc7 g5 28.hxg5+ hxg5 29.Kb2 Ne5
30.Rd4 Rh8 31.Rc2 Ng6 32.b5 Rb6 33.Rb4 e5 34.Nb3 d4 35.Nc5 Rd8 36.a4 g4 37.a5 Rbb8
38.b6 gxf3 39.b7 fxg2 40.Rb6+ Ke7 41.Rxg2 Nf4 42.Rg5 Rd5 43.bxa8=Q Rxa8 44.Bb7 Rxa5
45.Bxd5 Rxc5 46.Be4 d3 47.Rb7+ Ke6 48.Rg8 Rc2+ 49.Kb3 Ne2 50.Rb6+ Ke7 51.Rb7+ Ke6
52.Rb6+ Ke7 53.Rb7+ Ke6  1/2-1/2

[Event "Club Championship"]
[Site "Sao Paulo BRA"]
[Date "2005.01.22"]
[Round "1"]
[White "Vera,IJ"]
[Black "De Souza,M"]
[Result "1/2-1/2"]
[WhiteElo "2247"]
[BlackElo "2377"]

1.d4 Nf6 2.Bg5 e6 3.e3 c5 4.c3 cxd4 5.exd4 Be7 6.Nf3 b6 7.Nbd2 Bb7 8.Bd3 d6
9.O-O Nbd7 10.Re1 O-O 11.Nf1 Qc7 12.Ng3 Rfe8 13.Ne4 Nxe4 14.Bxe4 Bf8 15.Qd3 g6
16.Qd2 Bg7 17.Bh6 Bh8 18.Rad1 b5 19.h4 Nf6 20.Ng5 Nxe4 21.Nxe4 Qc6 22.Qf4 f5
23.d5 exd5 24.Nxd6 d4 25.Nxb7 Qxb7 26.cxd4 Qd5 27.Rxe8+ Rxe8 28.b3 Bf6 29.Bg5 Bg7
30.Qf3 Re4 31.Qg3 h6 32.Be3 Kh7 33.Rc1 Rg4 34.Qh2 Qe4 35.Rc7 f4 36.Bd2 f3
37.Rxg7+ Kxg7 38.Qc7+ Kg8 39.Qc8+ Kf7 40.Qd7+ Kg8 41.Qc8+ Kf7 42.Qd7+ Kg8
43.Qc8+  1/2-1/2

[Event "Club Championship"]
[Site "Sao Paulo BRA"]
[Date "2005.01.22"]
[Round "10"]
[White "Vera,IJ"]
[Black "Tsuboi,E"]
[Result "1-0"]
[WhiteElo "2247"]
[BlackElo "2380"]

1.d4 Nf6 2.Bg5 e6 3.Nf3 h6 4.Bh4 d6 5.Nbd2 g5 6.Bg3 Nh5 7.e3 Bg7 8.Bd3 Nd7
9.O-O Qe7 10.Ne1 Ndf6 11.Ne4 Nxe4 12.Bxe4 Nf6 13.Bd3 Bd7 14.e4 h5 15.f3 h4
16.Bf2 Nh5 17.c4 c5 18.Nc2 Nf4 19.Re1 b6 20.Rb1 Rc8 21.Bf1 Bf6 22.Qd2 cxd4
23.Bxd4 Bxd4+ 24.Qxd4 e5 25.Qd2 g4 26.fxg4 Bxg4 27.Ne3 Rg8 28.Nd5 Nxd5 29.cxd5 Qf6
30.Bb5+ Kf8 31.Rf1 Qg6 32.Rbe1 Rc5 33.Bd3 Ke7 34.Rf2 Qg5 35.Re3 Rg6 36.Rf1 Rg8
37.Rfe1 Rg7 38.Rc1 Bf3 39.Rxc5 bxc5 40.Bf1 Bxe4 41.Qe2 Bxd5 42.Ra3 Ke6 43.Rxa7 Qf4
44.Qa6 Rg8 45.Qe2 Qc1 46.Kf2 Qf4+ 47.Kg1 Qc1 48.Kf2 Rg6 49.g3 hxg3+ 50.hxg3 Qh6
51.Ra3 Qh2+ 52.Ke1 Rxg3 53.Qxh2  1-0

[Event "XII It"]
[Site "Montecatini Terme ITA"]
[Date "2005.01.28"]
[Round "2"]
[White "Kaps,D"]
[Black "Shytaj,L"]
[Result "0-1"]
[WhiteElo "2287"]
[BlackElo "2341"]

1.d4 Nf6 2.Bg5 e6 3.e3 b6 4.Nf3 Bb7 5.Bd3 Be7 6.Nbd2 c5 7.c3 d5 8.Bxf6 Bxf6
9.Qe2 Nc6 10.h4 Qc7 11.g4 h6 12.Rg1 g6 13.Ba6 O-O-O 14.Bxb7+ Kxb7 15.dxc5 bxc5
16.a4 Ka8 17.Nb3 Qb6 18.Qb5 Rb8 19.Nxc5 Qxb5 20.axb5 Rxb5 21.Na4 e5 22.g5 Bg7
23.Ke2 Rc8 24.e4 d4 25.c4 Rb4 26.Ra3 hxg5 27.Nxg5 Rc7 28.h5 gxh5 29.Nh7 f6
30.Nc5 Rxb2+ 31.Kf3 Bh6 32.Nxf6 Rf7 33.Nd7 Bg7 34.Rg6 Ne7 35.Rxg7 Rxg7 36.Nxe5 h4
37.Nd3 Rc2 38.Ne8 Rf7+ 39.Kg4 Rc3 40.Rxc3 dxc3 41.f4 c2 42.Nc7+ Kb7 43.Ne6 Nc6
44.Kxh4 Rh7+ 45.Kg5 Rh1 46.Nec5+ Kc7 47.Nb3 Rd1 48.Nbc1 a5  0-1

[Event "Zimski Winter Open"]
[Site "Belgrade SCG"]
[Date "2005.01.29"]
[Round "7"]
[White "Masovic,B"]
[Black "Stanimirovic,A"]
[Result "0-1"]
[WhiteElo "1865"]
[BlackElo "2240"]

1.d4 Nf6 2.Bg5 e6 3.c4 c5 4.d5 exd5 5.cxd5 d6 6.Nc3 g6 7.e4 Bg7 8.Bb5+ Bd7
9.Bxd7+ Nbxd7 10.Nf3 a6 11.a4 O-O 12.O-O Re8 13.Re1 Rb8 14.Qd3 Qc7 15.b3 h6
16.Bxf6 Bxf6 17.Rac1 Ne5 18.Nxe5 Bxe5 19.g3 Qa5 20.Kg2 b5 21.axb5 axb5 22.Ne2 Ra8
23.Ng1 Bb2 24.Rb1 Bg7 25.Red1 Qb4 26.f3 Ra2+ 27.Kh1 Rea8 28.f4 Qd4 29.Qxd4 Bxd4
30.Nf3 Bg7 31.e5 Bf8 32.Rd2 Kg7 33.Rbd1 Rxd2 34.Nxd2 Ra3 35.Rb1 Ra2 36.Rd1 Rb2
37.Kg1 g5 38.h3 Kg6 39.exd6 gxf4 40.d7 Be7 41.Ne4 Rxb3 42.Nxc5 Bxc5+ 43.Kh1 Bb6
44.gxf4 Rxh3+ 45.Kg2 Rc3  0-1

[Event "Mayor de Chile"]
[Site "Santiago CHI"]
[Date "2005.02.15"]
[Round "2"]
[White "Alvarez,Em"]
[Black "Marin Pincheira,C"]
[Result "1-0"]
[WhiteElo "2086"]
[BlackElo "2221"]

1.d4 Nf6 2.Bg5 e6 3.e4 h6 4.Bxf6 Qxf6 5.c3 d6 6.Bd3 Nc6 7.Ne2 Bd7 8.O-O O-O-O
9.Nd2 g5 10.b4 Nb8 11.b5 Qe7 12.Qa4 a6 13.Qb3 axb5 14.Bxb5 Bxb5 15.Qxb5 Qe8
16.Qb3 d5 17.c4 dxe4 18.Nxe4 f5 19.N4c3 Bg7 20.Rab1  1-0

[Event "Open"]
[Site "Portsmouth ENG"]
[Date "2005.02.19"]
[Round "2"]
[White "Wells,P"]
[Black "Radovanovic,J"]
[Result "1/2-1/2"]
[WhiteElo "2519"]
[BlackElo "2329"]

1.d4 Nf6 2.Bg5 e6 3.Nd2 d5 4.e3 c5 5.c3 Nc6 6.f4 Qb6 7.Rb1 Bd7 8.Bd3 Qc7
9.Qf3 O-O-O 10.Ne2 Kb8 11.O-O cxd4 12.exd4 Bc8 13.b4 Bd6 14.Rfc1 h6 15.Bxf6 gxf6
16.c4 Bxb4 17.cxd5 Bxd2 18.Rxc6 Qe7 19.dxe6 Ba5 20.f5 Bb6 21.Qf4+ Bc7 22.Qe4 Rd6
23.exf7 Qxf7 24.Rxd6 Bxd6 25.Nf4 Qxa2 26.Nd5 Rf8 27.Ne7 Bxe7 28.Qxe7 Qf7
29.Qd6+  1/2-1/2

[Event "XI Anibal Open"]
[Site "Linares ESP"]
[Date "2005.03.01"]
[Round "6"]
[White "Aloma Vidal,R"]
[Black "Javakhishvili,L"]
[Result "0-1"]
[WhiteElo "2329"]
[BlackElo "2456"]

1.d4 Nf6 2.Bg5 e6 3.e4 c5 4.e5 h6 5.Be3 Nd5 6.Nf3 Nc6 7.c4 Nxe3 8.fxe3 d6
9.Nc3 cxd4 10.exd4 dxe5 11.d5 Na5 12.Nxe5 Bd6 13.Qa4+ Kf8 14.Nf3 Bd7 15.Qc2 Rc8
16.O-O-O Nxc4 17.Bxc4 Rxc4 18.Qd3 exd5 19.Qxd5 Rc6 20.Nd4 Bf4+ 21.Kb1 Rd6
22.Qxb7 g5 23.Ne4 Bf5 24.g4 Bg6 25.Ne6+ fxe6 26.Rxd6 Qxd6 27.Ka1 Qd5 28.Qb4+ Kf7  0-1

[Event "ch-RUS u20"]
[Site "Nojabrsk RUS"]
[Date "2005.03.02"]
[Round "1"]
[White "Popov,I RUS"]
[Black "Alekseev,Evgeny"]
[Result "1/2-1/2"]
[WhiteElo "2476"]
[BlackElo "2605"]

1.d4 Nf6 2.Bg5 e6 3.Nc3 h6 4.Bxf6 Qxf6 5.e4 Bb4 6.Qd2 d5 7.exd5 exd5 8.Qe2+ Qe6
9.Qxe6+ Bxe6 10.a3 Ba5 11.Bd3 c6 12.Ne2 Bc7 13.Nd1 O-O 14.Ne3 Nd7 15.g3 Rae8
16.Kd2 Nf6 17.f3 g6 18.Rae1 Kg7 19.c3 h5 20.Nf4 Bc8 21.h4 Bd6 22.Re2 Re7
23.Rhe1 Rfe8 24.Neg2 Ng8 25.Ne3 Nf6 26.b4 Nh7 27.Neg2 Rxe2+ 28.Rxe2 Rxe2+
29.Nxe2 Nf6 30.Ne3 Ng8 31.f4 Ne7 32.Ng1 Kf6 33.Nf3 Nf5 34.Nxf5 Bxf5 35.Ng5 Bxd3
36.Kxd3 Ke7 37.Ke3 f6 38.Nh3 Ke6 39.Kf3 Kf5 40.Nf2 g5 41.hxg5 fxg5 42.fxg5 Be7
43.g6 Kxg6 44.Nd3 Bd6 45.a4 Kf5  1/2-1/2

[Event "Sozina Open"]
[Site "Bar SCG"]
[Date "2005.03.07"]
[Round "4"]
[White "Ivanisevic,I"]
[Black "Fedorchuk,S"]
[Result "1-0"]
[WhiteElo "2530"]
[BlackElo "2570"]

1.d4 Nf6 2.Bg5 e6 3.Nf3 c5 4.e4 cxd4 5.e5 h6 6.Bh4 g5 7.exf6 gxh4 8.Qxd4 h3
9.g3 Nc6 10.Qh4 Qb6 11.Nbd2 Nb4 12.Bd3 Nxd3+ 13.cxd3 Qb5 14.O-O b6 15.Qe4 Qc6
16.Qxc6 dxc6 17.Ne4 Bb7 18.Ne5 Rd8 19.f4 c5 20.Rae1 Rd4 21.b3 a5 22.Kf2 h5
23.Ke3 Rh6 24.Nc4 a4 25.Ncd2 Rg6 26.bxa4 h4 27.Rb1 hxg3 28.hxg3 Rb4 29.a3 Rxb1
30.Rxb1 e5 31.f5 Rg8 32.Kf3 Bd5 33.a5 Bh6 34.Nc4 h2 35.Rh1 b5 36.Nd6+  1-0

[Event "ITT Ricardo Lettieri"]
[Site "Pinamar ARG"]
[Date "2005.03.10"]
[Round "3"]
[White "Vera,IJ"]
[Black "Rubinetti,J"]
[Result "1/2-1/2"]
[WhiteElo "2247"]
[BlackElo "2393"]

1.d4 Nf6 2.Bg5 e6 3.Nf3 c5 4.c3 Be7 5.Nbd2 cxd4 6.cxd4 h6 7.Bf4 Nc6 8.e3 Nh5
9.Bg3 Nxg3 10.hxg3 d5 11.Bd3 Qb6 12.Qb3 Qxb3 13.Nxb3 Bd7 14.a3 O-O 15.Rc1 Rfc8
16.Ke2 Be8 17.Rc3 f6 18.Rhc1 Rab8 19.Nc5 Bxc5 20.Rxc5 Ne7 21.Kd2 Rxc5 22.Rxc5 Rc8
23.Rxc8 Nxc8 24.Kc3 Nd6 25.Nd2 Bc6 26.Nb3 b6 27.Kb4 Kf7 28.a4 Nc4 29.Bxc4 dxc4
30.Kxc4 Bxg2 31.Nd2 Bc6 32.b3 h5 33.e4 g5 34.Kd3 Kg6 35.Ke3 f5 36.f4 fxe4
37.fxg5 Kxg5 38.Nxe4+ Kf5 39.Nd6+ Kg4 40.Kf2 Bd5 41.b4 a5 42.bxa5 bxa5 43.Nf7 Kf5
44.Ke3 Kg4 45.Kf2 Bb3 46.Ne5+ Kf5 47.Nc6 Ke4 48.Nxa5 Bd5 49.Ke2 Kxd4 50.Kd2 e5
51.Kc2 Kc5 52.Nb3+ Kb4 53.Nd2 Kxa4 54.Kd3 Kb5 55.Ne4 Kc6 56.Nf6 Bf7 57.Ke4 Kd6
58.Kf5 Bb3 59.Nxh5 Bc2+ 60.Kg5 Ke6 61.Nf4+  1/2-1/2

[Event "ch-BLR"]
[Site "Minsk BLR"]
[Date "2005.03.15"]
[Round "12"]
[White "Trifonov,D"]
[Black "Zhigalko,A"]
[Result "0-1"]
[WhiteElo "2347"]
[BlackElo "2532"]

1.d4 Nf6 2.Bg5 e6 3.e4 h6 4.Bxf6 Qxf6 5.Nc3 d6 6.Nf3 Nd7 7.Be2 c6 8.O-O Be7
9.Re1 O-O 10.a4 a5 11.Qd2 e5 12.Rad1 Re8 13.h3 Nf8 14.Nh2 exd4 15.Qxd4 Qxd4
16.Rxd4 Ne6 17.Rc4 Nc5 18.Bg4 Bf6 19.f3 Bxc3 20.bxc3 Bxg4 21.hxg4 Ne6 22.Rd1 Rad8
23.g5 hxg5 24.Nf1 d5 25.exd5 cxd5 26.Rg4 f5 27.Rg3 Kf7 28.f4 Nxf4 29.Rf3 Kg6
30.Rb1 Rd7 31.Ne3 d4 32.Rb6+ Re6 33.Rxe6+ Nxe6 34.Nxf5 dxc3 35.Ng3 Rd1+ 36.Kh2 Rd2
37.Ne4 Rxc2 38.Rxc3 Rxc3 39.Nxc3 Kf5 40.Kg3 Nc5 41.Kf3 Ke5 42.Ke3 g4 43.g3 g6
44.Ne2 Nxa4 45.Nf4 g5 46.Nd3+ Kd5 47.Nf2 Nc5 48.Nxg4 Ne4  0-1

[Event "Third Sat A"]
[Site "Novi Sad SCG"]
[Date "2005.03.21"]
[Round "3"]
[White "Lundin,J"]
[Black "Brunello,S"]
[Result "1/2-1/2"]
[WhiteElo "2274"]
[BlackElo "2268"]

1.d4 Nf6 2.Bg5 e6 3.Nf3 c5 4.e3 h6 5.Bh4 b6 6.Nbd2 Bb7 7.Bd3 Nc6 8.c3 Be7
9.O-O O-O 10.a3 d6 11.b4 Nd5 12.Bxe7 Qxe7 13.c4 Nf6 14.b5 Na5 15.dxc5 dxc5
16.Qc2 Rfd8 17.Ne4 Nd7 18.Rad1 f5 19.Ned2 g5 20.h3 Qg7 21.Rfe1 h5 22.h4 gxh4
23.Nxh4 Qg4 24.Ndf3 Nf8 25.Be2 Ng6 26.Nxg6 Qxg6 27.Rxd8+ Rxd8 28.Rd1 Qf6
29.Rxd8+ Qxd8 30.Qc3 a6 31.a4 axb5 32.axb5 h4 33.Qe5 Kf7 34.Qf4 Bxf3 35.Bxf3 Kg6
36.Qe5 Qf6 37.Bh5+ Kg7 38.Qc7+ Kh6 39.Be2 e5 40.f4 e4 41.Kh2 Nb3 42.Qc6 Kg7
43.Qxf6+ Kxf6 44.Kh3 Nc1 45.Bf1 Na2 46.Be2 Nc3 47.Bh5 Nb1 48.Bd1 Na3 49.Bb3 Nb1  1/2-1/2

[Event "Open"]
[Site "Coventry ENG"]
[Date "2005.03.24"]
[Round "1"]
[White "Walton,A"]
[Black "Cherniaev,A1"]
[Result "0-1"]
[WhiteElo "2181"]
[BlackElo "2509"]

1.d4 Nf6 2.Bg5 e6 3.e4 c5 4.d5 exd5 5.exd5 Qe7+ 6.Be2 h6 7.Bxf6 Qxf6 8.Nc3 d6
9.Nf3 Qd8 10.O-O Be7 11.Qd2 O-O 12.Bd3 Bf6 13.Rab1 Nd7 14.Ne4 Ne5 15.Nxf6+ Qxf6
16.Nxe5 Qxe5 17.Rfe1 Qf6 18.Re3 Bd7 19.c3 Rfe8 20.Rbe1 Rxe3 21.Rxe3 Re8 22.g3 Re5
23.f4 Rxe3 24.Qxe3 Kf8 25.Kf2 Qd8 26.Qe2 a6 27.Qc2 b5 28.Bf5 Be8 29.Kf3 a5
30.Bh3 g6 31.Bf1 b4 32.h4 h5 33.Bd3 Qf6 34.a3 bxa3 35.bxa3 Bd7 36.Qb3 Kg7
37.Kf2 Bg4 38.Qc2 Qe7 39.Qa4 Qb7 40.Qc6 Qb2+  0-1